The law of success

Bibliographic Details
Main Author: Hill, Napoleon
Format: Book
Published: Kuala Lumpur : Napoleon Hill Associates Creative Vision , 2008
Edition:Volume 2
Subjects:

MARC

LEADER 00000cam a2200000 7i4500
001 0000027961
005 20091102.0
008 091102
020 |a 9833639137 
090 0 0 |a 158.1   |b HIL 
100 1 |a Hill, Napoleon 
245 1 0 |a The law of success   |c Napoleon Hill 
250 |a Volume 2 
260 |a Kuala Lumpur :   |b Napoleon Hill Associates Creative Vision ,   |c 2008 
650 0 |a Achievement inovation 
650 0 |a Success   |x psychological aspectes 
999 |a 0001060477   |b Book   |c Adult Collection   |e Perbadanan Perpustakaan Awam Johor